01310naa#a2200217#i#4500001001600000005001700016011001400033100004100047102000700088200019400095210020500289215001000494608004500504675022300549700005200772700005000824700006800874700006200942700005801004856003001062RU\\bibl\12343120260705211459.7##a1994-4683##a20230731b2023####ek#y0rusy0150####ca##aRU1#aВСЕРОССИЙСКИЙ РЕЕСТР ВИДОВ СПОРТА ДЛЯ ЛЫЖНЫХ ДИСЦИПЛИН СПОРТИВНОГО ОРИЕНТИРОВАНИЯeЖурнальная статья1#aМоскваcНациональный государственный Университет физической культуры, спорта и здоровья им. П.Ф. Лесгафтаd2023##a5 с.##aЖурнальная статья2local##aМетодика физического воспитания. Пути и средства физического воспитания. Учебные заведения физической культуры. 796.011.3#1aХудикgАнна Александровна#1aХудикgСергей Валерьевич#1aБлизневскаяgВалентина Степановна#1aБлизневскийgАлександр Юрьевич#1aЗлобинgАлександр Алексеевич4#auchzapiski.lesgaft.spb.ru